书目信息 |
| 题名: |
环境政策分析
|
|
| 作者: | 宋国君 著 | |
| 分册: | ||
| 出版信息: | 北京 化学工业出版社 2008.08.07 |
|
| 页数: | 249页 | |
| 开本: | 28cm | |
| 丛书名: | ||
| 单 册: | ||
| 中图分类: | X-012 | |
| 科图分类: | ||
| 主题词: | 环境堡--环境政策 , 环境政策 | |
| 电子资源: | ||
| ISBN: | 978-7-122-03302-4 | |
| 000 | 00615nam0 2200229 45 | |
| 001 | 0930839125 | |
| 005 | 20091110083501.23 | |
| 010 | @a978-7-122-03302-4@dCNY39.80 | |
| 100 | @a20090515d2008 ekmy0 y0120 ea | |
| 102 | @aCN@b130000 | |
| 102 | @aCN@b110000 | |
| 105 | @ay z 000yy | |
| 200 | 1 | @a环境政策分析@f宋国君等著@Fsong guo jun deng zhu |
| 210 | @a北京@c化学工业出版社@d2008.08.07 | |
| 215 | @a249页@d28cm | |
| 606 | 0 | @a环境堡@x环境政策 |
| 606 | 0 | @a环境政策 |
| 690 | @aX-012@v4 | |
| 701 | 0 | @a宋国君@Asong guo jun@4著 |
| 801 | 0 | @aCN@c20091110 |
| 905 | @a10447@dX-012@eS7601 | |
| 906 | @d40@n3@r1 | |
| 环境政策分析/宋国君等著.-北京:化学工业出版社,2008.08.07 |
| 249页;28cm |
| ISBN 978-7-122-03302-4:CNY39.80 |
| ● |
| 相关链接 |
|
|
|
正题名:环境政策分析
索取号:X-012/S7601
 
预约/预借
| 序号 | 登录号 | 条形码 | 馆藏地/架位号 | 状态 | 备注 |
| 1 | 891781 | 208917813 | 自科二线400A/400A自科库 31排1列5层/ [索取号:X-012/S7601] | 在馆 |